On This Day: June 11th II Quiz Stats

 Plays Quiz Updated Jun 11, 2018

Score 0/7 Timer 03:00
0 Plays Today
Question Answer Wrong Answers
This American science fiction film, about a lonely boy named Elliot who befriends a stranded alien, opens in the US.
1982
E.T. the Extra-Terrestrial
96.3%
Close Encounters of the Third Kind
1.1%
A.I. Artificial Intelligence
0.7%
Flight of the Navigator
0.5%
Denmark adopts the ______ flag, which is later used by all other Scandinavian countries.
1748
Nordic Cross
92.3%
Tricolour
3.6%
Southern Cross
2.9%
Union
1.1%
This person becomes the first British Prime Minister in 160 years to win three consecutive terms.
1987
Margaret Thatcher
79.3%
John Major
4.6%
Tony Blair
13.4%
James Callaghan
1.3%
This American football quarterback and sportscaster, a 4-time Super Bowl champion for the San Francisco 49ers, is born.
1956
Joe Montana
75.7%
Steve Young
10.9%
John Elway
6.3%
Troy Aikman
5.7%
King Alexander assumes the throne of Greece after his father, ______, abdicates under pressure from allied armies occupying Athens.
1917
Constantine I
72.2%
George I
10.6%
Otto I
12.9%
Paul
3.2%
The Limelight Department, one of the world's first ______, is officially established in Melbourne, Australia.
1892
Film Studios
68.7%
Department Stores
16%
Dance Halls
5.8%
Photo Booths
8.6%
The Continental Congress appoints the Committee of Five to draft what will become this document.
1776
Declaration of Independence
66.2%
United States Constitution
15.7%
Articles of Confederation
9.4%
Bill of Rights
8.4%

You're not logged in!

Compare scores with friends on all Sporcle quizzes.
OR
Log In

Sporcle TV

Today on Sporcle TV


Watch our educational content, quiz creation guides, and fun videos on Sporcle TV.

Show Comments

Extras

Top Quizzes Today


Score Distribution

Your Account Isn't Verified!

In order to create a playlist on Sporcle, you need to verify the email address you used during registration. Go to your Sporcle Settings to finish the process.

Report this User

Report this user for behavior that violates our Community Guidelines.

Details: